| 000 | 00659nam a2200205 a 4500 | ||
|---|---|---|---|
| 005 | 20240924065844.0 | ||
| 008 | 070508s1981 mx r 000 0 spa d | ||
| 035 | _aUPN01000150219 | ||
| 049 | _aCG | ||
| 050 | 4 |
_aLB2806 _bA9.4 |
|
| 100 | 1 |
_aAvakov, Rachik Mamikonovich _940380 |
|
| 245 | 1 | 4 |
_aThe contribation of education to industrialization and techmical progress in developing countries / _cR. M. Avakov, P. Zagefka. |
| 260 |
_aParis : _bIIEP, _c1981. |
||
| 300 | _a35 p. | ||
| 440 | 0 |
_aIIEP seminar paper ; _v41 |
|
| 650 | 4 |
_aInnovaciones educativas _9386 |
|
| 650 | 4 |
_aEnseñanza técnica _99074 |
|
| 700 | 1 |
_aZagefka, P., _ecoaut. |
|
| 905 | _aLibro | ||
| 999 |
_c122360 _d122360 |
||